000 01046nam a2200253 a 4500
001 81691
003 BD-RjUL
005 20230820110020.0
008 230814s2016 bg a|||| m||| 00| 0 eng d
035 _a(BD-RjUL)81691
040 _aBD-RjUL
_beng
_cBD-RjUL
_dBD-RjUL
041 _aeng
082 _223
_a616.994
_bRAP 2016
100 _aRAHMAN, A. K. M. SHAHIDUR
_98349
245 _aPharmacokinetic and Toxicities of Cisplatin Among Bangladeshi Cancer Patients and Measures to Reduce the Toxicity /
_cBY A. K. M. SHAHIDUR RAHMAN ;
_6Supervisors : Md. Anwar Ul Islam & Mir Misbahuddin
260 _aRajshahi :
_bInstitute of Biological Sciences(IBSc), University of Rajshahi
_c2016
300 _axxi, 134 leaves :
_bill.;
_c29 cm.
502 _aThesis(Ph.D.)-- Institute of Biological Sciences(IBSc),University of Rajshahi,2016
504 _aReferences : Leaves 109-131
650 _aDiseases
_xCancer Patients
_98350
700 _aIslam, Md. Anwar Ul, Supervisors
_98351
700 _aMisbahuddin, Mir, Supervisors
_98352
942 _2ddc
_cTHE
999 _c81691
_d81691